000 00571nam a22001937a 4500
003 OSt
005 20180116183028.0
008 151216b xxu||||| |||| 00| 0 eng d
020 _a02-561-97-1
022 _202-561-97-1
040 _cLahore LUMS
082 _a174.4 LUM 1997
100 _aSipra N, Hassan S F
245 _aACQUISITION OF PAK SAUDI FERTILIZER
_cSipra N, Hassan S F
260 _aLahore LUMS Lahore
_bLahore University of Management Sciences
_c1997
300 _a31 p.
_bPapers
440 _aACQUISITION OF PAK SAUDI FERTILIZER
942 _2ddc
_cCS
999 _c350897
_d350897